| 000 | 00769nam a2200241 i 4500 | ||
|---|---|---|---|
| 001 | 108139 | ||
| 003 | ES-MaACL | ||
| 005 | 20250725062537.0 | ||
| 007 | t| | ||
| 008 | 070124s1930 sp ||||1| spa d | ||
| 080 | _a53(075.3) | ||
| 080 | _a54(075.3) | ||
| 100 | 1 |
_aPuente Larios, J. de la. _994160 |
|
| 245 | 1 | 0 |
_aNociones inductivo-experimentales de física y química teniendo en cuenta el cuestionario oficial / _cpor J. de la Puente Larios. |
| 250 | _a3ª ed. | ||
| 260 |
_aBarcelona : _bBosch, _c1930. |
||
| 300 |
_a324 p. : _bil. ; _c21 cm. |
||
| 500 | _aBiblioteca Jacinto Martínez Lacalle. | ||
| 650 | 1 | 7 |
_aFísica _2embne _912877 |
| 650 | 1 | 7 |
_aQuímica _2embne _916625 |
| 852 |
_aES-MaACL _jE-11538 _bR.139603 |
||
| 999 |
_c108139 _d108139 |
||